Essential mathematics toolbox

সংরক্ষণ করুন:
গ্রন্থ-পঞ্জীর বিবরন
বিন্যাস: গ্রন্থ
ভাষা:Undetermined
প্রকাশিত: Cambridge Cambridge Universuty Press 2002
বিষয়গুলি:
ট্যাগগুলো: ট্যাগ যুক্ত করুন
কোনো ট্যাগ নেই, প্রথমজন হিসাবে ট্যাগ করুন!
Thư viện lưu trữ: Trung tâm Học liệu Trường Đại học Cần Thơ
LEADER 00507nam a2200181Ia 4500
001 CTU_102637
008 210402s9999 xx 000 0 und d
020 |c 101.73 
082 |a 513 
082 |b E78 
245 0 |a Essential mathematics toolbox 
245 0 |c Michael Evans, David Greenwood, Peter Jones,...[et al.] 
260 |a Cambridge 
260 |b Cambridge Universuty Press 
260 |c 2002 
650 |a Mathematics 
904 |i M.Loan 
980 |a Trung tâm Học liệu Trường Đại học Cần Thơ